000 00531nam a2200181Ia 4500
003 GCL
008 140319s9999 xx 000 0 ara d
040 _aGCL /
_cGCL
082 0 4 _a891.7
_bت ف
100 1 _aتشيخوف، انطون
245 1 0 _aالفلاحون /
_cتشيخوف، انطون
700 1 _aمرسى سيد مرسى (مترجم)
300 _a165 ص
490 _aروايات عالمية
_v0
650 0 4 _aالادب الروسى
650 0 4 _aالقصة الروسية المترجمة
942 _2ddc
_cBK
999 _c38325
_d38325